Tridsať rokov plemenárskej práce v chove hovädzieho dobytka

Bibliographic Details
Main Author: Kubáček, Dalibor, 1926-1999 (Author)
Format: Article
Language:Slovak
Subjects:

MARC

LEADER 00000nab a2200000 a 4500
001 vtls000029857
003 SK-MaSNL
005 20260327163955.0
008 111103c1979 xo 0 slo
015 |a SNBRB19rr/mm-uuuuu 
035 |a CL0039951 
040 |a SNKBUCL  |b slo  |c SNKBUCL  |e AACR2 
041 0 |a slo 
044 |a xo  |c SK 
080 |a 636.2  |2 1981 
080 |a 636.08  |2 1981 
100 1 |a Kubáček, Dalibor,  |d 1926-1999  |4 aut  |9 1635774 
245 1 0 |a Tridsať rokov plemenárskej práce v chove hovädzieho dobytka  |c Dalibor Kubáček 
650 0 7 |a plemenárstvo  |2 snkbucl  |9 278308 
650 0 7 |a hovädzí dobytok  |2 snkbucl  |9 2818 
655 7 |a články z novín a časopisov  |2 snkbucl  |9 267496 
773 0 |t Informácie MPVž SSR  |g Roč. 7, č. 6 (1979), s. 14-17 
850 |a Slovenská národná knižnica v Martine  |a MTA001 
852 |a SNK  |b KIS3GCP 
958 |a RK 
992 |a RBX 
999 |c 2123321  |d 2125251